| 000 | 00776nam a2200229 i 4500 | ||
|---|---|---|---|
| 003 | DO-SdBNP | ||
| 005 | 20231107132228.0 | ||
| 006 | a||||gr|||| 00| 0 | ||
| 007 | ta | ||
| 008 | 231107b190? dr ||||| |||| 00| 0 spa d | ||
| 040 |
_aDO-SdBNP _bspa _cBNPHU _erda |
||
| 082 | 4 |
_222 _bC397n |
|
| 110 | 2 |
_aCentro Nacional de Consultoría y Asesoramiento Psicopedagógico. _984593 |
|
| 245 | 1 | 0 |
_aCentro Nacional de consultoría y asesoramiento sicopedagógico: _bprimera insititución de esta naturaleza en el país. / |
| 264 |
_a[sin lugar] _b[sin editora], _c[190?] |
||
| 300 |
_a7 páginas ; _c21 cm. |
||
| 336 |
_2rdacontent _atexto _btxt |
||
| 337 |
_2rdamedia _asin mediación _bn |
||
| 338 |
_2rdacarrier _avolumen _bnc |
||
| 590 | _aInventariado 2023 / MF | ||
| 942 |
_2ddc _cLF2 |
||
| 999 |
_c55412 _d55412 |
||